000 00818nam a22002177a 4500
003 OSt
005 20250704024734.0
008 250617b |||||||| |||| 00| 0 eng d
020 _a9781462544608
040 _aDWCL - Main lib
_cOC
082 _aCirc. 428 B367l 2021
100 _aBean, Rita M.
245 _aThe literacy specialist:
_beadership and coaching for the classroom, school, and community/
_cRita M. Bean & Virginia J. Goatley
260 _aNew York:
_bThe Guilford Press,
_c c2021.
300 _axviii, 374 pages:
_b illustrations;
_c23cm.
504 _aIncludes bibliographical references and index.
650 _a1. Reading teachers -- United States.
650 _a2. Reading -- Remedial teaching -- United States.
700 _aGoatley, Virginia J.
942 _2ddc
_cBK-CIRC
_eFourth edition
_kCirc.
_n0
999 _c3111
_d3111